Catálogo
 En Linea

La Peregrinación de Bayoán / (Registro nro. 40432)

Detalles MARC
000 -CABECERA
campo de control de longitud fija 00712nam a2200205 a 4500
001 - NÚMERO DE CONTROL
campo de control 000040942
005 - FECHA Y HORA DE LA ÚLTIMA TRANSACCIÓN
campo de control 20240705073647.0
008 - DATOS DE LONGITUD FIJA--INFORMACIÓN GENERAL
campo de control de longitud fija 130911s2001 pr 000 0 spa d
020 ## - NÚMERO INTERNACIONAL ESTÁNDAR DEL LIBRO
Número Internacional Estándar del Libro 0865815577
040 ## - FUENTE DE LA CATALOGACIÓN
Centro catalogador/agencia de origen DO-SdBNP
Lengua de catalogación spa
Centro/agencia transcriptor BNPHU
100 1# - ENTRADA PRINCIPAL--NOMBRE DE PERSONA
Nombre de persona Hostos, Eugenio María de,
Fechas asociadas al nombre 1839-1903
9 (RLIN) 1352
245 13 - MENCIÓN DE TÍTULO
Título La Peregrinación de Bayoán /
Mención de responsabilidad, etc. Eugenio María de Hostos.
250 ## - MENCIÓN DE EDICIÓN
Mención de edición 2a ed. (facsimilar)
260 ## - PUBLICACIÓN, DISTRIBUCIÓN, ETC.
Lugar de publicación, distribución, etc. Puerto Rico :
Nombre del editor, distribuidor, etc. Instituto de Cultura Puertorriqueña,
Fecha de publicación, distribución, etc. 2001.
300 ## - DESCRIPCIÓN FÍSICA
Extensión 319 p. ;
Dimensiones 22 cm.
490 1# - MENCIÓN DE SERIE
Mención de serie Biblioteca Popular
500 ## - NOTA GENERAL
Nota general Incluye datos biográficos del autor en la solapa de la cubierta
500 ## - NOTA GENERAL
Nota general Incluye notas al pie de las páginas
830 #0 - PUNTO DE ACCESO ADICIONAL DE SERIE-TÍTULO UNIFORME
Título uniforme Biblioteca Popular
9 (RLIN) 5517
Existencias
Estado de retiro Estado de pérdida Restricciones de uso No para préstamo Código de colección Localización permanente Ubicación/localización actual Ubicación en estantería Fecha de adquisición Número de inventario Total de préstamos Signatura topográfica completa Código de barras Fecha visto por última vez Precio válido a partir de Tipo de ítem Koha
        Monografías: Libros y Folletos General General En catalogación 11.09.2013 LF1   40942-10 25.06.2020 25.06.2020 Préstamo en sala

Con tecnología Koha